000 00670nam a22001577a 4500
008 111116t xxu||||| |||| 00| 0 eng d
050 _aREF BP109
_b.A54 1969
245 _aQurani takatifu /
_c[Translated in Swahili by] Sheikh Abdullah Saleh al-Farsy.
260 _aNairobi
_bIslamic Foundation
_c1969
300 _axxxvi, 984 p.;
_c23 cm.
500 _aArabic and Swahili in parallel columns
650 _aSwahili language -- Texts.
700 _aAl-Farsy, Sheikh Abdullah Saleh
_ctr.
942 _2lcc
_cBK
999 _c39762
_d39762